000 00952cam a22001934a 4500
005 20250605164400.0
008 250528s ||||||||||||||||||||||||d
035 _a24535
040 _aGR-AtMCL
_bgre
_dGR-AtMCL
_eAACR2
245 1 _aNational Champions European Business Awards 2013-2014 / BusinessLike
260 _c2013
300 _a34
520 _aΟι Τελευταίες Κινήσεις των Καναλιών, Η Άνοδος της Διαφημιστικής Δαπάνης, Ο Ρόλος της Συνδρομητικής TV, Οι Νέες Τάσεις Τηλεθέασης Web and Mobile TV, Με Αιχμή το Περιεχόμενο και την Προσφορά Αξίας, Μετρήσεις Τηλεοπτικών Προγραμμάτων σε Smartphones και Tablets.
700 1 _aΚορδελάς Δημήτρης
_99464
942 _cCR
710 2 _aThe Marketing Week
_99825
999 _c9412
_d9412